Länder mit der größten Wasserfläche - Statistiken

Allgemein
  • Dieses Quiz wurde 104 mal gespielt
  • Das Durchschnittsergebnis liegt bei 14 aus 20
Antwortstatistiken
Fläche (in km²) Land % Korrekt
720.000 Russland
99%
891.000 Kanada
97%
665.000 USA
92%
55.000 Brasilien
91%
27.000 China
91%
314.000 Indien
88%
34.300 Finnland
84%
40.000 Schweden
83%
58.900 Australien
82%
43.700 Argentinien
81%
30.400 Mexiko
76%
93.000 Indonesien
74%
100.000 Kolumbien
54%
25.200 Pakistan
50%
77.800 Dem. Rep. Kongo
49%
30.000 Venezuela
46%
117.000 Iran
44%
61.500 Tansania
36%
44.000 Uganda
22%
104.000 Äthiopien
16%
Keine übereinstimmenden Quizze gefunden
Verteilung der Resultate
Anzahl Personen mit jedem Resultat
Perzentil nach korrekt beantworteten Fragen
Ihre Resultats-Entwicklung
Sie haben dieses Quiz noch nicht gespielt